Twenty five years of Kerala legislature (Record no. 490789)

000 -LEADER
fixed length control field 00343cam a22001097a 4500
008 - FIXED-LENGTH DATA ELEMENTS--GENERAL INFORMATION
fixed length control field 180718b1983 xxu||||| |||| 00| 0 eng d
082 ## - DEWEY DECIMAL CLASSIFICATION NUMBER
Classification number G2x5453 P886
245 ## - TITLE STATEMENT
Title Twenty five years of Kerala legislature
Statement of responsibility, etc. edited by R. Prasannan
260 ## - PUBLICATION, DISTRIBUTION, ETC.
Place of publication, distribution, etc. Trivandrum
Name of publisher, distributor, etc. Secretariat of the Kerala Legislature
Date of publication, distribution, etc. 1983
300 ## - PHYSICAL DESCRIPTION
Extent 312+p.
700 ## - ADDED ENTRY--PERSONAL NAME
Personal name Prasannan, R.
Holdings
Withdrawn status Lost status Damaged status Not for loan Permanent Location Current Location Date acquired Full call number Barcode Date last seen Price effective from Koha item type
        Indian Institute of Public Administration Indian Institute of Public Administration 2018-08-04 G2x5453 P886 GG19841 2018-08-04 2018-08-04 GG
        Indian Institute of Public Administration Indian Institute of Public Administration 2018-08-04 G2x5453 P886 GG1984 2018-08-04 2018-08-04 GG

Powered by Koha